000 01202njm a22002897a 4500
005 20100901115333.0
006 a|||||r|||||00| 0
007 sd ammalaaahaa
008 100901t xxu||||| |||| 00| 0 eng d
028 _aGE 33625
_bColumbia
035 _aGR-01798
040 _aSED
_cSED
100 _aMohammad Rafi
_917891
245 _aFarz /
_cby Mohammad Rafi [and] Chorus ; music by Laxmikant Pyarelal ; lyrices by Anand Bakshi
_h[Sound recording]
246 _aफ़र्ज़ / मोहम्मद रफ़ी
260 _aDUM DUM, India
_bColumbia
_c1967
300 _a1 Sound disc [Gramophone Recording] :
_banalog, 33 1/3 rpm
_c9.5 in. (MP)
_fGramophone Record
500 _aBrief record
500 _aRecord Labels : Columbia, Blue
505 _aSide-1 हैप्पी बर्थडे (Happy Birthday) (Mohammad Rafi [and] Chorus)--Side -2 देखो देखोजी (dekho dekhoji) (Lata Mangeshkar)
600 _2Mohammad Rafi
650 _aClassical music
_xExcerpts
_zIndia
_917892
700 _aLaxmikant Pyarelal
_919481
700 _aBakshi, Anand
_919099
942 _2ddc
_cGR
999 _c45239
_d45239